000
00357nam a2200169Ia 4500
100
_a
Rajnikant
650
_a
Solid state
942
_c
BK
366
_f
25
654
_a
state physics
245
_a
Applied solid state physics
260
_b
Wiley India
_c
2011
082
_a
530.41
_b
RAJ
300
_a
520
546
_a
ENGLISH
_c
Computers
999
_c
34681
_d
34681